Famous Quotes from 80's movies - Statistics

General Stats
  • This quiz has been taken 255 times
  • The average score is 9 of 15
Answer Stats
Hint Answer % Correct
"No, I Am Your Father." Star Wars
88%
“Here’s Johnny!” The Shining
86%
"I'll be back." Terminator
85%
“Wax On, Wax Off.” Karate Kid
84%
"Roads? Where we're going, we don't need roads." Back To The Future
73%
"Nobody puts baby in a corner." Dirty Dancing
73%
" He slimed me." Ghostbusters
73%
“I Feel The Need. The Need For Speed.” Top Gun
68%
“Say Hello To My Little Friend.” Scarface
64%
“I Am Serious, And Don’t Call Me Shirley.” Airplane!
56%
"If You Build It, He Will Come." Field Of Dreams
53%
“You’ll Shoot Your Eye Out, Kid.” A Christmas Story
52%
“I’m Not Bad, I’m Just Drawn That Way.” Who Framed Roger Rabbit
45%
“'Come out the coast, we'll get together, have a few laughs.” Die Hard
28%
"I Am Your Father's Brother's Nephew's Cousin's Former Roommate." Spaceballs
21%
No matching quizzes found
Score Distribution
Percent of People with Each Score
Percentile by Number Answered
Your Score History
You have not taken this quiz